000 00319nam a2200109Ia 4500
008 171211s9999 xx 000 0 und d
245 _aMicro-Macrame Jewelry: Stylish Designs for Everyday Wear
245 _cKelsy Eason
260 _c2016
650 _xHobbies
856 _uhttp://down.ebook777.com/064/9781627003209.pdf
999 _c350324
_d350324